[Event "TCh-CHN 2015"]
[Site "China CHN"]
[Date "2015.06.04"]
[Round "5.1"]
[Board "2"]
[White "Wen, Yang"]
[Black "Ma, Zhonghan"]
[Result "1-0"]
[WhiteTitle "GM"]
[BlackTitle "IM"]
[WhiteElo "2573"]
[BlackElo "2468"]
[WhiteTeam "Shandong"]
[BlackTeam "Qingdao"]
[WhiteFideId "8602956"]
[BlackFideId "8607206"]
[EventDate "2015.04.10"]

1. Nf3 Nf6 2. g3 d5 3. Bg2 c5 4. O-O Nc6 5. d4 e6 6. c4 dxc4 7. Na3 cxd4 8. Nxc4
Bc5 9. a3 a5 10. Bd2 O-O 11. Rc1 Be7 12. Bf4 Nd5 13. Nce5 Nxf4 14. gxf4 Nxe5 15.
fxe5 d3 16. Qxd3 Qxd3 17. exd3 Ra6 18. Rc7 Re8 19. Rfc1 Ra8 20. Nd4 Bg5 21. R1c4
Rb8 22. Nb5 b6 23. Ra7 Rd8 24. Rcc7 Rxd3 25. Nd6 Rd1+ 26. Bf1 Bf4 27. Rxc8+ Rxc8
28. Nxc8 h5 29. Nxb6 Bxe5 30. Nc4 Bd4 31. Ra8+ Kh7 32. Rxa5 f5 33. Ra6 e5 34.
Ra5 Re1 35. Ne3 Bxe3 36. fxe3 Rxe3 37. Rb5 f4 38. a4 Re1 39. Kf2 Ra1 40. Bd3+
Kh6 41. h4 g5 42. hxg5+ Kxg5 43. Rxe5+ 1-0

[Event "TCh-CHN 2015"]
[Site "China CHN"]
[Date "2015.06.04"]
[Round "5.1"]
[Board "4"]
[White "Ushenina, Anna"]
[Black "Xu, Huahua"]
[Result "1/2-1/2"]
[WhiteTitle "GM"]
[BlackTitle "WIM"]
[WhiteElo "2441"]
[BlackElo "2105"]
[WhiteTeam "Qingdao"]
[BlackTeam "Shandong"]
[WhiteFideId "14110911"]
[BlackFideId "8604096"]
[EventDate "2015.04.10"]

1. d4 d5 2. c4 c6 3. Nc3 Nf6 4. e3 g6 5. Nf3 Bg7 6. h3 O-O 7. Bd3 Nbd7 8. O-O
Re8 9. cxd5 cxd5 10. b3 b6 11. Bb2 Bb7 12. b4 a6 13. Qb3 e6 14. Rfc1 Bf8 15. Rc2
Bd6 16. b5 a5 17. Ba3 Qe7 18. Bxd6 Qxd6 19. Rac1 Rac8 20. Na4 Rxc2 21. Rxc2 e5
22. Bf1 e4 23. Nd2 Nh5 24. Rc3 Rc8 25. Rxc8+ Bxc8 26. Qc3 Bb7 27. Nb3 Qb8 28.
Nd2 Ng7 29. Be2 Ne6 30. Qa3 Qf8 31. Qxf8+ Kxf8 32. Bd1 Ke7 33. f3 exf3 34. gxf3
Kd6 35. Nb1 Kc7 36. Nbc3 Nf6 37. Nb2 Ng7 38. Nd3 Nf5 39. Kf2 Bc8 40. Bb3 Be6 41.
Nf4 Kd6 42. Na4 Kc7 43. Nc3 Kd6 44. Nd3 Kc7 45. Nf4 1/2-1/2

[Event "TCh-CHN 2015"]
[Site "China CHN"]
[Date "2015.06.04"]
[Round "5.1"]
[Board "5"]
[White "Yuan, Ye"]
[Black "Sukandar, Irine Kharisma"]
[Result "1-0"]
[BlackTitle "IM"]
[WhiteElo "2114"]
[BlackElo "2427"]
[WhiteTeam "Qingdao"]
[BlackTeam "Shandong"]
[WhiteFideId "8608415"]
[BlackFideId "7101937"]
[EventDate "2015.04.10"]

1. d4 Nf6 2. c4 e6 3. g3 d5 4. Nf3 c6 5. Qc2 Bb4+ 6. Bd2 Be7 7. Bg2 O-O 8. O-O
b6 9. Rd1 Ba6 10. b3 Nbd7 11. Bf4 Rc8 12. Nc3 Qe8 13. e4 dxc4 14. Nd2 c5 15. d5
e5 16. Be3 cxb3 17. axb3 Nb8 18. Ra2 c4 19. Bh3 cxb3 20. Qxb3 Rc7 21. Rda1 Bc8
22. Nb5 Rb7 23. Bxc8 Qxc8 24. Rxa7 Nbd7 25. Rxb7 Qxb7 26. Ra7 Qb8 27. Nc4 Bc5
28. Qb2 Rc8 29. Bxc5 bxc5 30. Ncd6 Rf8 31. f4 c4 32. Rb7 Qd8 33. fxe5 Nc5 34.
Rc7 Nfxe4 35. Nxe4 Nxe4 36. Qd4 Ng5 37. Kg2 h5 38. h4 Nh7 39. Qxc4 g5 40. Nd6
gxh4 41. Nxf7 h3+ 42. Kh2 Qb8 43. Qc3 Qb6 1-0

[Event "TCh-CHN 2015"]
[Site "China CHN"]
[Date "2015.06.04"]
[Round "5.2"]
[Board "1"]
[White "Zhou, Jianchao"]
[Black "Lysyj, Igor"]
[Result "1/2-1/2"]
[WhiteTitle "GM"]
[BlackTitle "GM"]
[WhiteElo "2578"]
[BlackElo "2691"]
[WhiteTeam "Shanghai"]
[BlackTeam "Hangzhou"]
[WhiteFideId "8603537"]
[BlackFideId "4150120"]
[EventDate "2015.04.10"]

1. Nf3 Nf6 2. c4 e6 3. Nc3 d5 4. e3 Be7 5. d4 O-O 6. Bd3 dxc4 7. Bxc4 a6 8. a4
c5 9. O-O Nc6 10. dxc5 Bxc5 11. h3 b6 12. e4 Qxd1 13. Rxd1 Bb7 14. e5 Na5 15.
Ba2 Ne4 16. Nxe4 Bxe4 17. Be3 Nc6 18. Bxc5 bxc5 19. Nd2 Bc2 20. Rdc1 Nd4 21. Bc4
Rfb8 22. b3 Bxb3 23. Bxb3 Rxb3 24. Rxc5 Rd3 25. Ra2 Ne2+ 26. Kh2 Nc3 27. Ra3
Nxa4 28. Rxa4 Rxd2 29. Rxa6 Rad8 30. f3 g5 31. Rd6 R8xd6 32. exd6 h6 33. h4 gxh4
34. Rc8+ Kg7 35. Rd8 Rd1 36. Rc8 Rxd6 37. Rc4 Kg6 38. Rxh4 h5 39. Ra4 Rd3 40.
Kg3 e5 41. Ra8 Rd4 42. Rg8+ Kf5 43. Rh8 h4+ 44. Kh3 Kg5 45. Rg8+ Kf4 46. Rg4+
Ke3 47. Rg5 f6 48. Rf5 Rf4 49. Rh5 f5 50. Rh8 e4 51. Ra8 exf3 52. Ra3+ Ke4 53.
Ra4+ Ke5 54. Ra5+ Kf6 55. gxf3 Kg5 56. Ra3 Rd4 57. Rb3 Rd2 58. Rb4 Rd1 59. Kg2
Ra1 60. Rc4 Ra2+ 61. Kh3 Rf2 62. Rxh4 Rxf3+ 63. Kg2 Rf4 64. Rxf4 Kxf4 1/2-1/2

[Event "TCh-CHN 2015"]
[Site "China CHN"]
[Date "2015.06.04"]
[Round "5.2"]
[Board "2"]
[White "Xu, Yi"]
[Black "Bai, Jinshi"]
[Result "1/2-1/2"]
[WhiteTitle "FM"]
[BlackTitle "IM"]
[WhiteElo "2356"]
[BlackElo "2518"]
[WhiteTeam "Shanghai"]
[BlackTeam "Hangzhou"]
[WhiteFideId "8605564"]
[BlackFideId "8602280"]
[EventDate "2015.04.10"]

1. e4 c5 2. Nf3 e6 3. d4 cxd4 4. Nxd4 Nc6 5. Nc3 Qc7 6. Be3 a6 7. Qd2 Nf6 8.
O-O-O Bb4 9. f3 Ne7 10. Nde2 b5 11. Bf4 e5 12. Bg5 h5 13. Kb1 Ba5 14. Qd3 Bb7
15. h4 O-O-O 16. Bxf6 gxf6 17. Nd5 Nxd5 18. exd5 Rdg8 19. Rh3 Qc4 20. Qxc4+ bxc4
21. Ng3 c3 22. Nf5 Kc7 23. d6+ Kb6 24. Ne7 Rg7 25. Nf5 Rgg8 26. Ne7 Rg7 27. Nf5
Rgg8 28. Ne7 1/2-1/2

[Event "TCh-CHN 2015"]
[Site "China CHN"]
[Date "2015.06.04"]
[Round "5.2"]
[Board "4"]
[White "Lei, Tingjie"]
[Black "Zhang, Xiaowen"]
[Result "0-1"]
[WhiteTitle "WGM"]
[BlackTitle "WGM"]
[WhiteElo "2444"]
[BlackElo "2349"]
[WhiteTeam "Hangzhou"]
[BlackTeam "Shanghai"]
[WhiteFideId "8605114"]
[BlackFideId "8603219"]
[EventDate "2015.04.10"]

1. c4 e6 2. g3 Nf6 3. Bg2 d5 4. Nf3 d4 5. O-O c5 6. e3 Nc6 7. exd4 cxd4 8. d3
Bd6 9. Bg5 h6 10. Bxf6 Qxf6 11. Nbd2 Qd8 12. Rc1 O-O 13. Re1 Re8 14. c5 Bf8 15.
a3 a5 16. Qa4 Ra7 17. Ne5 Nxe5 18. Rxe5 Bd7 19. Qxd4 Bb5 20. Nf3 Qxd4 21. Nxd4
Bxd3 22. a4 Rc8 23. c6 b6 24. Rc3 Ba6 25. Nb5 Bxb5 26. axb5 Be7 27. Rd3 Rd8 28.
Rxd8+ Bxd8 29. Re2 Kf8 30. Rd2 Ke8 31. b3 Be7 32. f4 Bb4 33. Rd1 Ke7 34. Be4 Bd6
35. Bc2 Ra8 36. Kf1 Rd8 37. Ke2 Bc7 38. Bd3 Rd5 39. Rf1 Rh5 40. Rf2 Rd5 41. Bc4
Rd8 42. f5 e5 43. Rf1 Rd4 44. h3 f6 45. Be6 Kd6 46. Ke3 Kc5 47. Bc4 a4 48. Ra1
axb3 49. Bxb3 Kxb5 50. Ra8 Kxc6 51. Rg8 Rd7 52. Be6 Re7 53. Ke4 Bd6 54. Bd5+ Kc5
55. g4 Ra7 56. Be6 b5 57. Rc8+ Rc7 58. Rd8 Ra7 59. Rc8+ Bc7 60. Rg8 Bb6 61. Rc8+
Kd6 62. Rb8 Ra4+ 63. Kd3 e4+ 64. Kc2 Kc5 65. Rc8+ Kd6 66. Rb8 Kc6 67. Bd5+ Kxd5
68. Rxb6 Ke5 69. Rxb5+ Kf4 70. Rb7 e3 71. Rxg7 Re4 72. Kd1 Kf3 73. Rd7 Kf2 0-1

[Event "TCh-CHN 2015"]
[Site "China CHN"]
[Date "2015.06.04"]
[Round "5.3"]
[Board "2"]
[White "Xiu, Deshun"]
[Black "Fedoseev, Vladimir3"]
[Result "1-0"]
[WhiteTitle "GM"]
[BlackTitle "GM"]
[WhiteElo "2557"]
[BlackElo "2674"]
[WhiteTeam "Beijing"]
[BlackTeam "Zhejiang"]
[WhiteFideId "8603693"]
[BlackFideId "24130737"]
[EventDate "2015.04.10"]

1. d4 Nf6 2. c4 e6 3. Nf3 d5 4. g3 Be7 5. Bg2 O-O 6. O-O a6 7. Qc2 dxc4 8. a4
Bd7 9. Qxc4 Bc6 10. Bg5 Bd5 11. Qd3 Be4 12. Qe3 Nbd7 13. Nc3 Bg6 14. Ne5 c6 15.
Nxg6 hxg6 16. Qc1 Rc8 17. Rd1 Nd5 18. Bd2 a5 19. e4 Nb4 20. Be3 Qc7 21. Qd2 Rcd8
22. Qe2 e5 23. d5 Bc5 24. dxc6 Qxc6 25. Nd5 Nxd5 26. Rxd5 Qc7 27. Qc4 b6 28. Rc1
Qb8 29. Bxc5 Nxc5 30. Rcd1 Ne6 31. Bh3 Nd4 32. Bd7 Qb7 33. R1xd4 exd4 34. Qxd4
Kh8 35. e5 g5 36. h4 Qc7 37. hxg5 Qc1+ 38. Kg2 Qc2 39. Bf5 Qxf5 40. Rxd8 Rxd8
41. Qxd8+ Kh7 42. Qd4 Qc2 43. Kf3 Qb3+ 44. Kf4 g6 45. Kg4 b5 46. axb5 Qxb5 47.
Kh3 1-0

[Event "TCh-CHN 2015"]
[Site "China CHN"]
[Date "2015.06.04"]
[Round "5.3"]
[Board "5"]
[White "Ding, Yixin"]
[Black "Wang, Jue"]
[Result "1/2-1/2"]
[WhiteTitle "WGM"]
[BlackTitle "WGM"]
[WhiteElo "2434"]
[BlackElo "2365"]
[WhiteTeam "Zhejiang"]
[BlackTeam "Beijing"]
[WhiteFideId "8602972"]
[BlackFideId "8604070"]
[EventDate "2015.04.10"]

1. e4 c5 2. Nf3 d6 3. d4 cxd4 4. Nxd4 Nf6 5. Nc3 a6 6. g3 e6 7. Bg2 Be7 8. O-O
O-O 9. Be3 Nc6 10. h3 Qc7 11. a4 Ne5 12. Qe2 Nc4 13. Bc1 Bd7 14. b3 Na5 15. Bb2
Rfc8 16. g4 h6 17. Rad1 Qb6 18. Kh1 Nc4 19. Ba1 Ne5 20. f4 Ng6 21. Qf2 Qc5 22.
Qg3 Nh7 23. Nf3 Bc6 24. f5 Ne5 25. fxe6 fxe6 26. b4 Qxb4 27. Nxe5 dxe5 28. Qxe5
Bf6 29. Qxe6+ Kh8 30. Na2 Qc5 31. Bxf6 Nxf6 32. Rxf6 gxf6 33. Qxf6+ Kh7 34. Rd6
Qg5 35. Qf7+ Kh8 36. Rg6 Rc7 37. Qxc7 Qxg6 38. Nb4 Re8 39. Nxc6 Qxc6 40. Qf4 Kg7
41. e5 Qe6 42. Bxb7 a5 43. Kg2 Qxe5 44. Qxe5+ Rxe5 45. Ba6 Re4 46. Bb5 Kf6 47.
Kf3 Ke5 48. h4 Rf4+ 49. Kg3 Rd4 50. Kf3 Rf4+ 51. Kg3 Rd4 52. Kf3 Rb4 53. Kg3 Ke4
54. g5 hxg5 55. hxg5 Kf5 56. Kf3 Kxg5 57. Ke3 Kf5 58. c3 Rh4 59. Kd3 Ke5 60. Kc2
Kd5 61. Kb3 Kc5 62. Bd3 Rh3 63. Bf5 Re3 64. Bh7 Re7 65. Bd3 Rb7+ 66. Kc2 Kd5 67.
Bf5 Rb6 68. Bd3 Ke5 69. Bb5 Rh6 70. Kb3 Kd5 71. Bd3 Rh2 72. Bf5 Kc5 73. Bd3 Rd2
74. Bb5 Rd8 75. Kc2 Kd5 76. Bd3 Rc8 77. Bf5 Rb8 78. Bg6 Rh8 79. Bd3 Rh2+ 80. Kb3
Rh3 81. Bf5 Rh4 82. Bg6 Ke5 83. Be8 Rh8 84. Bg6 Kd5 85. Bd3 Rb8+ 86. Kc2 Kc5 87.
Bg6 Rb6 88. Bf5 Rd6 89. Be4 Kc4 90. Bh7 Rd7 91. Bf5 Re7 92. Bd3+ Kc5 93. Kb3 Re3
94. Bg6 Re2 95. Bf7 Rd2 96. Bg8 Rd7 97. Bc4 Rb7+ 98. Bb5 Kd5 99. Kc2 Re7 100.
Bd3 Re3 101. Bh7 Rh3 102. Bf5 Rh4 103. Kb3 Ke5 104. Bb1 Kd5 105. Bg6 Rh6 106.
Bd3 Rb6+ 107. Kc2 Kc5 1/2-1/2

[Event "TCh-CHN 2015"]
[Site "China CHN"]
[Date "2015.06.04"]
[Round "5.4"]
[Board "1"]
[White "Zhou, Weiqi"]
[Black "Lin, Chen"]
[Result "1-0"]
[WhiteTitle "GM"]
[BlackTitle "IM"]
[WhiteElo "2627"]
[BlackElo "2448"]
[WhiteTeam "Chongqing"]
[BlackTeam "Jiangsu"]
[WhiteFideId "8601674"]
[BlackFideId "8602298"]
[EventDate "2015.04.10"]

1. d4 Nf6 2. Bg5 d5 3. e3 Nbd7 4. c4 e6 5. cxd5 exd5 6. Nc3 Be7 7. Bd3 c6 8.
Nge2 Ne4 9. Bf4 Nxc3 10. bxc3 O-O 11. O-O Nf6 12. Qc2 h6 13. a4 Be6 14. a5 b5
15. axb6 axb6 16. Qb2 b5 17. Rxa8 Qxa8 18. Ra1 Qb7 19. Qa2 Rc8 20. Qa7 Qxa7 21.
Rxa7 Kf8 22. Bc7 Ne8 23. Ba5 Bd6 24. Nf4 Bc7 25. Bb4+ Bd6 26. f3 Bxb4 27. cxb4
Rc7 28. Nxe6+ fxe6 29. Ra8 Ke7 30. Kf2 Rd7 31. Ra6 Rc7 32. e4 dxe4 33. fxe4 Nf6
34. Ke3 g5 35. Be2 Kd7 36. h3 Ke7 37. Ra8 Kf7 38. Bd1 Re7 39. Bb3 Kg7 40. Bc2 e5
41. dxe5 Rxe5 42. Ra7+ Kf8 43. Kd4 Re7 44. Rxe7 Kxe7 45. Kc5 Kd7 46. e5 Nd5 47.
Bf5+ Ke7 48. Be4 Ke6 49. Bxd5+ cxd5 1-0

[Event "TCh-CHN 2015"]
[Site "China CHN"]
[Date "2015.06.04"]
[Round "5.4"]
[Board "2"]
[White "Wang, Chen"]
[Black "Yu, Ruiyuan"]
[Result "1/2-1/2"]
[WhiteTitle "IM"]
[BlackTitle "GM"]
[WhiteElo "2500"]
[BlackElo "2571"]
[WhiteTeam "Chongqing"]
[BlackTeam "Jiangsu"]
[WhiteFideId "8601020"]
[BlackFideId "8603090"]
[EventDate "2015.04.10"]

1. d4 d5 2. Nf3 Nf6 3. Bf4 e6 4. e3 Bd6 5. Bg3 O-O 6. Be2 b6 7. O-O Ne4 8. Nbd2
Nxg3 9. hxg3 Bb7 10. c4 c5 11. Rc1 cxd4 12. Nxd4 Nc6 13. Nxc6 Bxc6 14. Bf3 Be5
15. cxd5 Bxd5 16. Nc4 Bxc4 17. Rxc4 Qxd1 18. Rxd1 Rad8 19. Rxd8 Rxd8 20. Rc2 Kf8
21. Kf1 Ke7 22. Ke2 Rd7 23. b3 Rc7 24. Rxc7+ Bxc7 25. Kd3 Be5 26. Kc4 Kd6 27.
Bb7 h6 28. Ba6 Bb2 29. Bb5 f6 30. Kd3 Ba3 1/2-1/2

[Event "TCh-CHN 2015"]
[Site "China CHN"]
[Date "2015.06.04"]
[Round "5.4"]
[Board "4"]
[White "Guo, Qi"]
[Black "Huang, Qian"]
[Result "1-0"]
[WhiteTitle "IM"]
[BlackTitle "WGM"]
[WhiteElo "2443"]
[BlackElo "2473"]
[WhiteTeam "Jiangsu"]
[BlackTeam "Chongqing"]
[WhiteFideId "8604002"]
[BlackFideId "8602689"]
[EventDate "2015.04.10"]

1. d4 d6 2. Nf3 g6 3. c4 Bg7 4. e4 Bg4 5. Be2 Nc6 6. Be3 Bxf3 7. Bxf3 e5 8. d5
Nd4 9. Nc3 Ne7 10. Nb5 c5 11. dxc6 Nexc6 12. O-O O-O 13. Bg4 a6 14. Nc3 Ne7 15.
Bh3 Kh8 16. Ne2 Nec6 17. Rc1 Rb8 18. g3 Nxe2+ 19. Qxe2 Nd4 20. Qd3 b5 21. Bxd4
bxc4 22. Rxc4 exd4 23. b3 d5 24. exd5 Qxd5 25. Rfc1 Rb6 26. Rc8 Kg8 27. Bg2 Qe5
28. R8c5 Qe7 29. Ra5 Rd8 30. Bf1 Rdd6 31. Rc8+ Bf8 32. Ra8 Qe1 33. R5xa6 Rxa6
34. Rxa6 Rd7 35. Ra8 Kg7 36. Ra7 Rd6 37. Qc4 Qe8 38. a4 Be7 39. a5 Bg5 40. Qc5
Qd8 41. Bd3 Rd5 42. Rxf7+ Kxf7 43. Bc4 d3 44. Qxd5+ Qxd5 45. Bxd5+ 1-0

[Event "TCh-CHN 2015"]
[Site "China CHN"]
[Date "2015.06.04"]
[Round "5.5"]
[Board "1"]
[White "Wan, Yunguo"]
[Black "Xu, Yinglun"]
[Result "0-1"]
[WhiteTitle "IM"]
[WhiteElo "2477"]
[BlackElo "2443"]
[WhiteTeam "Heibei"]
[BlackTeam "Guangdong"]
[WhiteFideId "8603189"]
[BlackFideId "8604940"]
[EventDate "2015.04.10"]

1. e4 c5 2. Nf3 d6 3. d4 cxd4 4. Nxd4 Nf6 5. Nc3 e6 6. Be2 a6 7. O-O Be7 8. f4
Nc6 9. Kh1 O-O 10. a4 Qc7 11. Be3 Re8 12. Bd3 Nb4 13. a5 Bd7 14. Qe1 Rac8 15.
Qg3 Bc6 16. Nf3 Nd7 17. Ng5 Bf6 18. Nxh7 Bxc3 19. bxc3 Nxd3 20. Bd4 e5 21. Bb6
exf4 22. Rxf4 Nxf4 23. Bxc7 Ng6 24. Ng5 Rxc7 25. Qxd6 Rcc8 26. Rf1 Nf6 27. Qb4
Rc7 28. Qb3 Re5 29. Rf5 Rd7 30. h3 Rxf5 31. exf5 Nh4 32. Qb4 Nxg2 33. Kh2 Rd2
34. Kg3 Ne3 0-1

[Event "TCh-CHN 2015"]
[Site "China CHN"]
[Date "2015.06.04"]
[Round "5.5"]
[Board "2"]
[White "Wang, Rui"]
[Black "Zeng, Chongsheng"]
[Result "0-1"]
[WhiteTitle "GM"]
[BlackTitle "GM"]
[WhiteElo "2403"]
[BlackElo "2541"]
[WhiteTeam "Heibei"]
[BlackTeam "Guangdong"]
[WhiteFideId "8601003"]
[BlackFideId "8603847"]
[EventDate "2015.04.10"]

1. e4 c5 2. Nc3 Nc6 3. Bb5 e6 4. Bxc6 bxc6 5. Nge2 d5 6. O-O Nf6 7. d3 Ba6 8. e5
Ng4 9. f4 h5 10. Qe1 Rb8 11. f5 exf5 12. h3 Nh6 13. Bxh6 Rxh6 14. Rxf5 Bc8 15.
Rf3 Rxb2 16. Qf2 Be6 17. Nf4 Qe7 18. Rf1 Rb7 19. Na4 Bc8 20. e6 Bxe6 21. h4 Rf6
22. c3 d4 23. Re1 Qd6 24. Re4 Be7 25. cxd4 cxd4 26. Rxd4 Qe5 27. Re4 Qa1+ 28.
Kh2 Rb1 29. Qxa7 Bd6 30. Qd4 Rh1+ 0-1

[Event "TCh-CHN 2015"]
[Site "China CHN"]
[Date "2015.06.04"]
[Round "5.5"]
[Board "3"]
[White "Zhang, Ziji"]
[Black "Li, Shilong"]
[Result "1/2-1/2"]
[BlackTitle "GM"]
[WhiteElo "2223"]
[BlackElo "2508"]
[WhiteTeam "Heibei"]
[BlackTeam "Guangdong"]
[WhiteFideId "8609470"]
[BlackFideId "8600678"]
[EventDate "2015.04.10"]

1. d4 Nf6 2. c4 g6 3. Nf3 Bg7 4. g3 O-O 5. Bg2 d6 6. O-O Nbd7 7. Nc3 e5 8. e4 c6
9. h3 Re8 10. Be3 a5 11. Qc2 exd4 12. Nxd4 Nc5 13. Rad1 Qe7 14. Rfe1 a4 15. b4
axb3 16. axb3 h5 17. b4 Na6 18. Qb1 Bd7 19. Bf4 Nh7 20. Nde2 Be5 21. Na4 Be6 22.
Nb6 Rad8 23. Be3 Bg7 24. Nd4 Nf8 25. b5 Nb8 26. Qc2 Bc8 27. Qa4 Nfd7 28. Nb3 Nf6
29. Nxc8 Rxc8 30. Bf4 Red8 31. Qa3 Bf8 32. Qa1 Ne8 33. Qa7 cxb5 34. cxb5 Nd7 35.
Qxb7 Rb8 36. Qa7 Rxb5 37. Nd4 Rc5 38. e5 Nxe5 39. Qxe7 Bxe7 40. Bxe5 dxe5 41.
Nc6 Rxd1 42. Nxe7+ Kf8 43. Nxg6+ 1/2-1/2

[Event "TCh-CHN 2015"]
[Site "China CHN"]
[Date "2015.06.04"]
[Round "5.5"]
[Board "4"]
[White "Li, Xueyi"]
[Black "Zhai, Mo"]
[Result "1/2-1/2"]
[BlackTitle "WIM"]
[WhiteElo "2190"]
[BlackElo "2324"]
[WhiteTeam "Guangdong"]
[BlackTeam "Heibei"]
[WhiteFideId "8605912"]
[BlackFideId "8600201"]
[EventDate "2015.04.10"]

1. d4 Nf6 2. c4 e6 3. Nc3 Bb4 4. e3 O-O 5. Bd3 d5 6. Nf3 c5 7. O-O dxc4 8. Bxc4
cxd4 9. exd4 b6 10. Qb3 Bxc3 11. bxc3 Nc6 12. Be2 Bb7 13. Bg5 Rc8 14. Ne5 Na5
15. Qb2 Kh8 16. c4 Qd6 17. Bd2 Nc6 18. Bc3 Ne4 19. Nxc6 Nxc3 20. Nxa7 Nxe2+ 21.
Qxe2 Ra8 22. Nb5 Qc6 23. f3 Ra4 24. Rfc1 Rc8 25. Qc2 Rxc4 26. Qxc4 Qxc4 27. Rxc4
Rxc4 28. Nd6 Rc7 29. Rb1 Bd5 30. Rxb6 h6 31. a4 Ra7 32. a5 Rxa5 33. Rb8+ Kh7 34.
Nxf7 Ra4 35. Rh8+ Kg6 36. Ne5+ Kg5 37. Rf8 Rxd4 38. g3 Rd2 39. h3 Kh5 40. h4 Rc2
41. Re8 Bxf3 42. Nxf3 Kg4 43. Ne1 Re2 44. Kf1 Re3 45. Rg8 g5 46. hxg5 hxg5 47.
Kf2 1/2-1/2

[Event "TCh-CHN 2015"]
[Site "China CHN"]
[Date "2015.06.04"]
[Round "5.5"]
[Board "5"]
[White "Liu, Manli CHN"]
[Black "Wang, Doudou"]
[Result "1-0"]
[BlackTitle "WIM"]
[WhiteElo "2033"]
[BlackElo "2205"]
[WhiteTeam "Guangdong"]
[BlackTeam "Heibei"]
[WhiteFideId "8608121"]
[BlackFideId "8603197"]
[EventDate "2015.04.10"]

1. e4 e5 2. Nf3 Nc6 3. Bb5 a6 4. Ba4 Nf6 5. d3 d6 6. c3 g6 7. Nbd2 Bg7 8. O-O
O-O 9. Re1 Nd7 10. Nf1 Nc5 11. Bc2 Ne6 12. Ng3 Qf6 13. Be3 Nf4 14. h3 h5 15. d4
Ne7 16. Bb3 g5 17. dxe5 dxe5 18. Nxh5 Qh6 19. Nxf4 gxf4 20. Bc5 Qf6 21. Nh2 Re8
22. Bxe7 Qxe7 23. Qh5 Bf6 24. Qg6+ Kf8 25. Qh7 Bg7 26. Nf3 Qf6 27. Qh5 Be6 28.
Bxe6 Qxe6 29. Nh4 Rad8 30. Qe2 Rd7 31. Nf5 Red8 32. Red1 Bf6 33. Rxd7 Rxd7 34.
Kh2 Ke8 35. b3 Kd8 36. Rd1 Kc8 37. Rxd7 Qxd7 38. h4 Kb8 39. h5 Qc6 40. Qd3 Qb6
41. Kg1 Bg5 42. Qd5 Qf6 43. c4 Kc8 44. c5 Kb8 45. b4 Kc8 46. a4 Kb8 47. b5 axb5
48. axb5 Kc8 49. Kh2 Qe6 50. f3 Qd7 51. c6 bxc6 52. bxc6 Qxd5 53. exd5 Kb8 54.
h6 Bf6 55. h7 Ka7 56. d6 cxd6 57. Nxd6 Kb6 58. Nxf7 Kxc6 59. h8=Q Bxh8 60. Nxh8
Kd5 61. Kh3 Kd4 62. Ng6 e4 63. fxe4 1-0

[Event "TCh-CHN 2015"]
[Site "China CHN"]
[Date "2015.06.04"]
[Round "5.6"]
[Board "2"]
[White "Xu, Xiangyu CHN"]
[Black "Malakhov, Vladimir"]
[Result "0-1"]
[BlackTitle "GM"]
[WhiteElo "2243"]
[BlackElo "2706"]
[WhiteTeam "Chengdu"]
[BlackTeam "Tianjing"]
[WhiteFideId "8608288"]
[BlackFideId "4120787"]
[EventDate "2015.04.10"]

1. e4 g6 2. d4 Bg7 3. Nc3 d6 4. f4 Nf6 5. Nf3 O-O 6. Bd3 Na6 7. O-O c5 8. e5 Nd7
9. Bxa6 cxd4 10. Nxd4 dxe5 11. fxe5 bxa6 12. e6 fxe6 13. Rxf8+ Nxf8 14. Be3 Qc7
15. Qf3 Bb7 16. Qf2 e5 17. Nf3 Ne6 18. Ng5 Nxg5 19. Bxg5 Rf8 20. Qe2 Qb6+ 21.
Be3 Qxb2 22. Qc4+ e6 23. Rb1 Bd5 24. Rxb2 Bxc4 25. g3 Bd5 26. Rb4 Rc8 27. Nxd5
exd5 28. Bxa7 d4 29. Rb2 e4 30. Rb4 a5 31. Ra4 d3 32. cxd3 exd3 33. Be3 Rc2 34.
Bf4 d2 35. Bxd2 Rxd2 36. Rxa5 h5 37. a4 Ra2 38. Ra8+ Kh7 39. a5 Bd4+ 40. Kh1 Kg7
41. a6 Bf2 0-1

[Event "TCh-CHN 2015"]
[Site "China CHN"]
[Date "2015.06.04"]
[Round "5.6"]
[Board "3"]
[White "Li, Di"]
[Black "Ma, Qun"]
[Result "0-1"]
[WhiteTitle "FM"]
[BlackTitle "GM"]
[WhiteElo "2277"]
[BlackElo "2609"]
[WhiteTeam "Chengdu"]
[BlackTeam "Tianjing"]
[WhiteFideId "8607508"]
[BlackFideId "8603154"]
[EventDate "2015.04.10"]

1. d4 d5 2. c4 c6 3. e3 Nf6 4. Nf3 Bf5 5. Nc3 e6 6. Bd3 Bg6 7. Ne5 Nbd7 8. Nxg6
hxg6 9. cxd5 exd5 10. Bd2 Be7 11. h3 Nf8 12. Qb3 Qd7 13. O-O-O Ne6 14. Kb1 O-O
15. Bc1 b5 16. g4 Rfc8 17. f4 b4 18. Na4 c5 19. dxc5 Nxc5 20. Nxc5 Rxc5 21. g5
Nh5 22. e4 a5 23. Be2 a4 24. Qe3 a3 25. exd5 axb2 26. Bxb2 Qa7 27. Qb3 Nxf4 28.
Bg4 Bxg5 29. d6 Rc3 30. Bxc3 bxc3 31. h4 Rb8 32. hxg5 Rxb3+ 33. axb3 Qf2 0-1

[Event "TCh-CHN 2015"]
[Site "China CHN"]
[Date "2015.06.04"]
[Round "5.6"]
[Board "5"]
[White "Ni, Shiqun"]
[Black "Li, Yunshan"]
[Result "1-0"]
[WhiteTitle "WIM"]
[BlackTitle "WFM"]
[WhiteElo "2315"]
[BlackElo "1916"]
[WhiteTeam "Tianjing"]
[BlackTeam "Chengdu"]
[WhiteFideId "8608466"]
[BlackFideId "8607664"]
[EventDate "2015.04.10"]

1. e4 c5 2. Nf3 e6 3. d4 cxd4 4. Nxd4 Nc6 5. Nc3 Qc7 6. Be3 a6 7. Be2 Nf6 8. O-O
Be7 9. f4 d6 10. Qe1 O-O 11. Qg3 Nxd4 12. Bxd4 b5 13. a3 Bb7 14. Kh1 Rad8 15.
Rae1 Rd7 16. Bd3 Re8 17. a4 b4 18. Na2 Qa5 19. Nc1 Qxa4 20. Nb3 Qc6 21. Na5 Qc7
22. Nxb7 Qxb7 23. Qh3 h6 24. Re3 Bd8 25. e5 dxe5 26. fxe5 Nh7 27. Qg4 Kh8 28.
Rg3 Rg8 29. Be3 Bc7 30. Bxh7 Kxh7 31. Bxh6 Qb5 32. Rxf7 Rxf7 33. Qg6+ Kh8 34.
Qxf7 Qxe5 35. Be3 Qxg3 36. Qh5# 1-0

[Event "TCh-CHN 2015"]
[Site "China CHN"]
[Date "2015.06.05"]
[Round "6.1"]
[Board "1"]
[White "Ivanchuk, Vassily"]
[Black "Ma, Qun"]
[Result "1/2-1/2"]
[WhiteTitle "GM"]
[BlackTitle "GM"]
[WhiteElo "2733"]
[BlackElo "2609"]
[WhiteTeam "Qingdao"]
[BlackTeam "Tianjing"]
[WhiteFideId "14100010"]
[BlackFideId "8603154"]
[EventDate "2015.04.10"]

1. c4 e5 2. g3 Nf6 3. Bg2 Nc6 4. Nc3 Bb4 5. Nd5 Bc5 6. e3 Nxd5 7. cxd5 Nb4 8. d4
exd4 9. exd4 Be7 10. Ne2 c6 11. Nc3 O-O 12. O-O Nxd5 13. Nxd5 cxd5 14. Bxd5 Bf6
15. Be3 d6 16. Qb3 a5 17. a4 Rb8 18. Rfe1 b5 19. axb5 Bd7 20. Bc4 Bxb5 21. Bxb5
Qb6 22. Qd5 Qxb5 23. Rxa5 Qxb2 24. Ra6 Rfd8 25. Rc1 Qb5 26. Qa2 Qf5 27. Ra5 d5
28. Bf4 Rbc8 29. Rxc8 Qxc8 30. Rxd5 Bxd4 31. Qc4 Bf6 32. Rxd8+ Qxd8 33. Be3 Qe8
34. Qd5 g6 35. g4 Qd8 36. Qe4 Bg5 37. Bc5 Bf6 38. Kg2 Kg7 39. h3 Qc8 40. Be3 Qd8
41. Qf3 Bg5 42. Bc5 Be7 43. Ba7 Bf6 44. Qe4 Qe7 45. Qxe7 Bxe7 1/2-1/2